| 000 | nam a22 a 4500 | ||
|---|---|---|---|
| 999 |
_c440358 _d440358 |
||
| 003 | BLK | ||
| 005 | 20211216084326.0 | ||
| 008 | 211216b bul|||||r ||||||| ||bul|| | ||
| 010 | _aKNG00177535RET | ||
| 040 | _aBLK | ||
| 041 |
_aBUL _cBUL |
||
| 080 |
_aДвижения за разбирателство между народите _b327.33 _x327.33 |
||
| 100 | 1 |
_aПирински, Георги _eпърви автор _9436326 |
|
| 139 | _aПирински, Георги | ||
| 245 | 1 | 0 |
_aВеликото дело на мира и дружбата между народите ще възтържествува _bВпечатления от юбилейната сесия на Световния съвет на мира в Стокхолм _cГеорги Пирински. |
| 257 | _aBGR | ||
| 260 |
_aСофия _bНац. к-т за защита на мира _c1959 |
||
| 300 |
_a29 с. _c21 см |
||
| 380 | _a3 | ||
| 650 | 0 |
_aПолитика - международни отношения - борба за мир _9330454 |
|
| 653 | 7 |
_9191110 _aмир |
|
| 852 |
_aЦб 18160 _bЦб |
||
| 856 | 4 |
_qpdf _u |
|
| 856 | 4 |
_qpdf _u |
|
| 942 |
_cKNG _n0 _2udc _s1 |
||
| 944 |
_aCR _c2021-12-16 _kА.М. |
||